| 000 | 01311nam0a2200289 4500 | ||
|---|---|---|---|
| 001 | RU\NLR\bibl\1937286 | ||
| 005 | 20250616202944.0 | ||
| 035 | _a(NLR Aleph) 001926581 | ||
| 090 |
_a3378095 _c3378094 |
||
| 100 | _a20120823f19902000|||y0rusy50 ca | ||
| 101 | 0 |
_arus _aeng |
|
| 102 | _aRU | ||
| 105 | _ay ||||||||| | ||
| 200 | 1 |
_aРуководство для женщин: использование средств массовой информации _f[Сьюзи Шюэр и др.] |
|
| 210 |
_a[США] _cИнформационное агентство США _d[2000?] |
||
| 215 |
_a[3], 52 с. _d23 |
||
| 225 | 1 | _aКак обрести голос в обществе | |
| 300 | _aПредисл. парал. на рус. и англ. яз. | ||
| 517 | 0 | _aИспользование средств массовой информации | |
| 606 | 1 |
_aСредства массовой информации _yСоединенные Штаты Америки _92282270 _3RU\NLR\auth\661367299 |
|
| 686 | _aЧ600.4(7США) | ||
| 702 | 1 |
_aШюэр _bС. _gСьюзи _4220 |
|
| 801 | 0 |
_aRU _bNLR _c20120823 _gRCR |
|
| 801 | 1 |
_aRU _bNLR _c20120823 |
|
| 942 | _cBOOK | ||
| 980 | _aNB | ||